Burócratas del polvo y A ras de tierra / (Registro nro. 14246)

Detalles MARC
000 -LEADER
fixed length control field 00862nam a2200277 a 4500
001 - CONTROL NUMBER
control field
003 - CONTROL NUMBER IDENTIFIER
control field DO-SdBNP
005 - DATE AND TIME OF LATEST TRANSACTION
control field 20220824115143.0
008 - FIXED-LENGTH DATA ELEMENTS--GENERAL INFORMATION
fixed length control field 091009s2007 dr 000 p spa d
022 ## - INTERNATIONAL STANDARD SERIAL NUMBER
International Standard Serial Number 9789945068214
040 ## - CATALOGING SOURCE
Original cataloging agency DO-SdBNP
Language of cataloging spa
Transcribing agency BPMSU
082 ## - DEWEY DECIMAL CLASSIFICATION NUMBER
Classification number RD861.44
Item number P438b 2007
Edition number 22
100 1# - MAIN ENTRY--PERSONAL NAME
Personal name Pérez, Isael
Dates associated with a name 1961-
245 10 - TITLE STATEMENT
Title Burócratas del polvo y A ras de tierra /
Statement of responsibility, etc. Isael Pérez.
246 13 - VARYING FORM OF TITLE
Title proper/short title A ras de tierra
260 ## - PUBLICATION, DISTRIBUTION, ETC. (IMPRINT)
Place of publication, distribution, etc. Santo Domngo :
Name of publisher, distributor, etc. Búho,
Date of publication, distribution, etc. 2007
300 ## - PHYSICAL DESCRIPTION
Extent 98 p. :
Other physical details retr. ;
Dimensions 21 cm.
500 ## - GENERAL NOTE
General note Incluye datos biográficos del autor en la solapa de la cubierta
563 ## - BINDING INFORMATION
Binding note Dos obras encuadernadas juntas con paginación continua
590 ## - LOCAL NOTE (RLIN)
Local note Inventariado, 2022/VM
650 #0 - SUBJECT ADDED ENTRY--TOPICAL TERM
Topical term or geographic name as entry element Poesía dominicana
650 #4 - SUBJECT ADDED ENTRY--TOPICAL TERM
Topical term or geographic name as entry element Literatura dominicana.
740 ## - ADDED ENTRY--UNCONTROLLED RELATED/ANALYTICAL TITLE
Uncontrolled related/analytical title A ras de tierra
910 ## - USER-OPTION DATA (OCLC)
User-option data VMateo V. /Validado
942 ## - ADDED ENTRY ELEMENTS (KOHA)
Source of classification or shelving scheme Dewey Decimal Classification
Koha item type Libros
Existencias
Withdrawn status Lost status Source of classification or shelving scheme Damaged status Not for loan Collection code Home library Current library Date acquired Source of acquisition Full call number Barcode Date last seen Price effective from Koha item type Total Checkouts Copy number
    Dewey Decimal Classification     Colección Dominicana Biblioteca Pública Metropolitana Salomé Ureña Biblioteca Pública Metropolitana Salomé Ureña 08/24/2022 BNPHU BPMSU CD RD861.44 P438b 2007 BPMSU22080034 08/24/2022 08/24/2022 Libros    
    Dewey Decimal Classification     Colección Dominicana Biblioteca Pública Metropolitana Salomé Ureña Biblioteca Pública Metropolitana Salomé Ureña 08/24/2022 BNPHU BPMSU CD RD861.44 P438b 2007 BPMSU22080035 08/24/2022 08/24/2022 Libros   e.2